| 000 | 00540nam a2200169 i 4500 | ||
|---|---|---|---|
| 001 | 140207 | ||
| 003 | ES-MaACL | ||
| 005 | 20230906200031.0 | ||
| 007 | t| | ||
| 008 | 070214s1975 sp r ||||1| spa d | ||
| 100 | 1 |
_aSeghers, Anna. _9105131 |
|
| 245 | 1 | 3 |
_aLa revuelta de los pescadores de Santa Bárbara / _cAnna Seghers ; [traducido por Bárbara Wickers de Sánchez-Rodrigo]. |
| 260 |
_aBarcelona : _bFontanella, _c1975. |
||
| 300 |
_a138 p. ; _c19 cm. |
||
| 700 | 1 |
_aWickers, Bárbara. _9116738 |
|
| 852 |
_aES-MaACL _jE-8035 _bR.92193 |
||
| 999 |
_c140207 _d140207 |
||